000 00670cam a2200241 4500
008 090401t1992 xxu||||| |||| 00| 0 eng d
020 _a0854065687
035 _a(Sirsi) u57129
041 _aeng
050 _a333.70285
_c18
100 _aMitchell, David
245 _aCrime, policing and geographic information systems
_ban emerging technology?
260 _aLondon
_bAGI
_c1992
300 _a11p.
_c30cm.
350 _a0
490 _aAGI Education, Training and Research Committee Publication
650 _aGIS
650 _aPOLICE FORCE
690 _aLAND
710 _aAssociation for Geographic Information
_9166
942 _n0
948 _c04/03/1997
999 _c93896
_d93896